Nghiên cứu tổng hợp và thử nghiệm hoạt tính sinh học dẫn xuất mới của 1,2,3-triazole : Luận văn tốt nghiệp Cao học ngành Hóa Hữu cơ

Đề tài nghiên cứu bao gồm bốn giai đoạn với hiệu suất toàn phần 79.3%. Cấu trúc hóa học của các chất trong quá trình tổng hợp được xác định bằng phổ cộng hưởng từ hạt nhân và phổ khối lượng....

وصف كامل

محفوظ في:
التفاصيل البيبلوغرافية
المؤلف الرئيسي: Lê, Hồng Sen
التنسيق: كتاب
اللغة:Undetermined
منشور في: Cần Thơ Trường Đại học Cần Thơ 2014
الموضوعات:
الوسوم: إضافة وسم
لا توجد وسوم, كن أول من يضع وسما على هذه التسجيلة!
Thư viện lưu trữ: Trung tâm Học liệu Trường Đại học Cần Thơ
LEADER 01189nam a2200229Ia 4500
001 CTU_190450
008 210402s9999 xx 000 0 und d
082 |a 547.2 
082 |b S203 
088 |a 60440114 
100 |a Lê, Hồng Sen 
245 0 |a Nghiên cứu tổng hợp và thử nghiệm hoạt tính sinh học dẫn xuất mới của 1,2,3-triazole : 
245 0 |b Luận văn tốt nghiệp Cao học ngành Hóa Hữu cơ 
245 0 |c Lê Hồng Sen ; Bùi Thị Bửu Huê (Cán bộ hướng dẫn) 
260 |a Cần Thơ 
260 |b Trường Đại học Cần Thơ 
260 |c 2014 
520 |a Đề tài nghiên cứu bao gồm bốn giai đoạn với hiệu suất toàn phần 79.3%. Cấu trúc hóa học của các chất trong quá trình tổng hợp được xác định bằng phổ cộng hưởng từ hạt nhân và phổ khối lượng. 
650 |a Chemistry, organic,Hóa học hữu cơ 
650 |x Synthesis,Tổng hợp 
904 |i Thu,Hải 
980 |a Trung tâm Học liệu Trường Đại học Cần Thơ